<?xml version="1.0" encoding="UTF-8"?>
<record
    xmlns:xsi="http://www.w3.org/2001/XMLSchema-instance"
    xsi:schemaLocation="http://www.loc.gov/MARC21/slim http://www.loc.gov/standards/marcxml/schema/MARC21slim.xsd"
    xmlns="http://www.loc.gov/MARC21/slim">

  <leader>00922nam a2200217 i 4500</leader>
  <controlfield tag="001">103712</controlfield>
  <controlfield tag="003">ES-MaACL</controlfield>
  <controlfield tag="005">20230906183430.0</controlfield>
  <controlfield tag="007">t|</controlfield>
  <controlfield tag="008">060509s2002    sp           ||||1| spa d</controlfield>
  <datafield tag="080" ind1=" " ind2=" ">
    <subfield code="a">623.446.7(091)</subfield>
  </datafield>
  <datafield tag="100" ind1="0" ind2=" ">
    <subfield code="a">G&#xF3;mez-Tabanera, Jos&#xE9; Manuel,</subfield>
    <subfield code="d">1926-2011</subfield>
    <subfield code="9">58165</subfield>
  </datafield>
  <datafield tag="245" ind1="1" ind2="3">
    <subfield code="a">El enigma del bumerang australiano y sus presuntos predecesores en el viejo mundo / </subfield>
    <subfield code="c">Jos&#xE9; Manuel G&#xF3;mez-Tabanera.</subfield>
  </datafield>
  <datafield tag="260" ind1=" " ind2=" ">
    <subfield code="a">[Oviedo] : </subfield>
    <subfield code="b">J.M. G&#xF3;mez-Tabanera, </subfield>
    <subfield code="c">[2002]</subfield>
  </datafield>
  <datafield tag="300" ind1=" " ind2=" ">
    <subfield code="a">27 p. : </subfield>
    <subfield code="b">il. ; </subfield>
    <subfield code="c">21 cm.</subfield>
  </datafield>
  <datafield tag="500" ind1=" " ind2=" ">
    <subfield code="a">Ponencia presentada en el: VI Congreso Internacional de la Asociaci&#xF3;n Espa&#xF1;ola de Estudios del Pac&#xED;fico (del 6 al 8 de junio de 2002)</subfield>
  </datafield>
  <datafield tag="650" ind1="1" ind2="4">
    <subfield code="a">Bumeranes-</subfield>
    <subfield code="v">Historia.</subfield>
    <subfield code="9">10644</subfield>
  </datafield>
  <datafield tag="710" ind1="2" ind2=" ">
    <subfield code="a">Asociaci&#xF3;n Espa&#xF1;ola de Estudios del Pac&#xED;fico. </subfield>
    <subfield code="b">Congreso Internacional (</subfield>
    <subfield code="n">6&#xBA;. </subfield>
    <subfield code="d">2002. </subfield>
    <subfield code="c">Valladolid)</subfield>
    <subfield code="9">1666</subfield>
  </datafield>
  <datafield tag="852" ind1=" " ind2=" ">
    <subfield code="a">ES-MaACL</subfield>
    <subfield code="j">2201-F-20 </subfield>
    <subfield code="b">R.137579</subfield>
  </datafield>
  <datafield tag="999" ind1=" " ind2=" ">
    <subfield code="c">103712</subfield>
    <subfield code="d">103712</subfield>
  </datafield>
  <datafield tag="952" ind1=" " ind2=" ">
    <subfield code="0">0</subfield>
    <subfield code="1">0</subfield>
    <subfield code="4">0</subfield>
    <subfield code="7">0</subfield>
    <subfield code="8">Colecci&#xF3;n_de_folletos</subfield>
    <subfield code="a">ATENEOM</subfield>
    <subfield code="b">ATENEOM</subfield>
    <subfield code="c">DEPOF</subfield>
    <subfield code="d">2008-01-17</subfield>
    <subfield code="e">SC</subfield>
    <subfield code="l">0</subfield>
    <subfield code="o">2201-F-20</subfield>
    <subfield code="p">1108283</subfield>
    <subfield code="r">2023-02-23 00:00:00</subfield>
    <subfield code="w">2023-02-23</subfield>
    <subfield code="y">FOLLETOS</subfield>
  </datafield>
</record>
